| 000 | 00412nam a2200145Ia 4500 | ||
|---|---|---|---|
| 008 | 231221s9999 xx 000 0 und d | ||
| 020 | _a9780000000000 | ||
| 041 | _aEnglish | ||
| 082 | _a423 DOR;4 | ||
| 100 | _aDorling Kindersley | ||
| 245 | 0 | _aIllustrated oxford dictionary:187000 definitions and entries, 4500 illustrations | |
| 260 |
_c2006 _bDarling Kindersley _aLondon |
||
| 300 | _a1008 | ||
| 942 | _cHM | ||
| 999 |
_c208415 _d208415 |
||